Two Letter Canadian Province/Territory Abbreviations - Statistics

General Stats
  • This quiz has been taken 34 times
  • The average score is 12 of 13
Answer Stats
Province/Territory Abbv % Correct
Alberta AB
100%
British Columbia BC
100%
Manitoba MB
100%
New Brunswick NB
100%
Newfoundland and Labrador NL
100%
Nova Scotia NS
100%
Northwest Territories NT
100%
Nunavut NU
100%
Ontario ON
95%
Prince Edward Island PE
95%
Quebec QC
95%
Saskatchewan SK
95%
Yukon YT
65%
No matching quizzes found
Score Distribution
Percent of People with Each Score
Percentile by Number Answered
Your Score History
You have not taken this quiz